| 000 | 01648nam a2200217Ia 4500 | ||
|---|---|---|---|
| 999 |
_c29512 _d29512 |
||
| 003 | OSt | ||
| 005 | 20210415124310.0 | ||
| 008 | 160316s2011 xxu||||| |||| 00| 0 eng d | ||
| 040 | _cnls | ||
| 082 | _a346.0438 PUL | ||
| 100 | _aPuliani Sathpal | ||
| 245 | _aThe Karnataka registration manual | ||
| 250 | _a8th | ||
| 260 |
_aBangalore _bKarnataka Law Journal Publicaitons _c2011 |
||
| 300 | _a669p | ||
| 365 | _b Rs. 660 | ||
| 505 | _aContents: Sections: Part I. Preliminary; Part II. Of the Registration-Establishment; Part III. Of Registrable Documents; Part IV. Of the Time of Presentation; Part V. Of the Place of Registration; Part VI. Of Presenting Documents for Registration; Part VII. Of Enforcing the Appearance of Executants and Witnesses; Part VIII. Of Presenting Wills and Authorities to Adopt; Part IX. Of the Deposit of Wills; Part X. Of the Effects of Registration and Non-Registration; Part XI. Of the Duties and Powers of Registering Officers: (A) As to the Register Books and Indexes; (B) As to the Procedure on Admitting to Registration; (C) Special duties of Sub-Registrar; (D) Special Duty of Registrar; (E) Of the Controlling Powers of Registrars and Inspector-General; Part XI-A. Registration of documents by means of electronic or other devices; Part XII. Of Refusal to Register; Part XIII. Of the Fees for Registration, Searches and Copies; Part XIII-A. Of deed Writers; Part XIV. Of Penalties; Part XV. Miscellaneous; Exemptions for Act; The Schedule (Repealed), Karnataka Amendment Acts. | ||
| 650 | _a1. Registration Act - Manual - Karnataka | ||
| 700 |
_a _a |
||
| 942 |
_2ddc _cBK |
||